[Event "Gdansk op 14th"]
[Site "Gdansk"]
[Date "2012.07.27"]
[Round "7"]
[White "Les, Czeslaw"]
[Black "Teclaf, Pawel"]
[Result "0-1"]
[WhiteElo "1915"]
[BlackElo "1631"]
[PlyCount "40"]
[EventDate "2012.07.22"]
[EventType "swiss"]
[EventRounds "9"]
[EventCountry "POL"]
[SourceTitle "CBM 149 Extra"]
[Source "ChessBase"]
[SourceDate "2012.08.24"]
[SourceVersion "1"]
[SourceVersionDate "2012.08.24"]
[SourceQuality "1"]

1. d4 Nf6 2. Bg5 Ne4 3. Bf4 d5 4. e3 c5 5. f3 Nf6 6. Nd2 Nc6 7. c3 Bf5 8. Bb5 Qb6 9. a4 a6 10. dxc5 Qxc5 11. Nb3 Qb6 12. Bxc6+ bxc6 13. a5 Qb7 14. Ne2 e6 15. Nbd4 Bg6 16. 0-0 Nd7 17. Qa4 e5 18. Nxc6 exf4 19. Nxf4 Nc5 20. Qd1 Qxc6 0-1

[Event "Gdansk op 14th"]
[Site "Gdansk"]
[Date "2012.07.24"]
[Round "4"]
[White "Cichocka, Urszula"]
[Black "Les, Czeslaw"]
[Result "1-0"]
[WhiteElo "1723"]
[BlackElo "1915"]
[PlyCount "67"]
[EventDate "2012.07.22"]
[EventType "swiss"]
[EventRounds "9"]
[EventCountry "POL"]
[SourceTitle "CBM 149 Extra"]
[Source "ChessBase"]
[SourceDate "2012.08.24"]
[SourceVersion "1"]
[SourceVersionDate "2012.08.24"]
[SourceQuality "1"]

1. e4 d5 2. exd5 Nf6 3. d4 Qxd5 4. Nc3 Qa5 5. Nf3 Ne4 6. Bd2 Nxd2 7. Qxd2 e6 8. Bd3 Bb4 9. Ne5 Nd7 10. Nc4 Qh5 11. Qf4 Nf6 12. Qxc7 0-0 13. 0-0 Bxc3 14. bxc3 Nd5 15. Qa5 b6 16. Qa3 f5 17. Rfe1 Bd7 18. Ne5 Be8 19. Be2 Qh6 20. c4 Nf4 21. Bf3 Rd8 22. Qxa7 Qg5 23. Qxb6 Bh5 24. h4 Qxh4 25. Bxh5 Qxh5 26. Nd3 Ne2+ 27. Rxe2 Qxe2 28. Re1 Qxc2 29. Qxe6+ Kh8 30. Ne5 Qd2 31. Nf7+ Rxf7 32. Re2 Qd1+ 33. Re1 Qh5 34. Qe8+ 1-0

[Event "Gdansk op 13th"]
[Site "Gdansk"]
[Date "2011.07.18"]
[Round "3"]
[White "Les, Czeslaw"]
[Black "Bugalski, Michal"]
[Result "1-0"]
[WhiteElo "1924"]
[BlackElo "2240"]
[PlyCount "69"]
[EventDate "2011.07.17"]
[EventType "swiss"]
[EventRounds "9"]
[EventCountry "POL"]
[SourceTitle "CBM 143 Extra"]
[Source "ChessBase"]
[SourceDate "2011.08.29"]
[SourceVersion "1"]
[SourceVersionDate "2011.08.29"]
[SourceQuality "1"]

1. d4 Nf6 2. Bg5 d5 3. e3 c5 4. Nf3 Bf5 5. dxc5 Ne4 6. Bf4 e6 7. Bxb8 Rxb8 8. Bb5+ Ke7 9. Nd4 Bg6 10. b4 e5 11. Ne2 f6 12. 0-0 b6 13. c6 Nd6 14. Nbc3 Nxb5 15. Nxb5 Rc8 16. c4 dxc4 17. Qa4 Ke6 18. Rad1 Bd3 19. f4 Qe7 20. fxe5 Bxe2 21. Nd4+ Kf7 22. Nxe2 Qxe5 23. Qxa7+ Be7 24. Qxb6 Rb8 25. Qa7 Rxb4 26. Rd7 Rc8 27. Nf4 Rb5 28. Rfd1 Ke8 29. Rxe7+ Qxe7 30. Qd7+ Kf7 31. Qxc8 Qxe3+ 32. Kh1 Qxf4 33. Qd7+ Kg6 34. c7 Rf5 35. h3 1-0

[Event "Katy Rybackie op"]
[Site "Katy Rybackie"]
[Date "2009.06.20"]
[Round "8"]
[White "Miechowicz, Witold"]
[Black "Les, Czeslaw"]
[Result "0-1"]
[WhiteElo "1979"]
[BlackElo "1883"]
[PlyCount "48"]
[EventDate "2009.06.14"]
[EventType "swiss"]
[EventRounds "9"]
[EventCountry "POL"]
[SourceTitle "CBM 131 Extra"]
[Source "ChessBase"]
[SourceDate "2009.09.03"]
[SourceVersion "2"]
[SourceVersionDate "2009.09.16"]
[SourceQuality "1"]

1. e4 d5 2. d4 dxe4 3. Nc3 e5 4. Be3 exd4 5. Bxd4 Nc6 6. Bb5 Nf6 7. Nge2 Bb4 8. 0-0 0-0 9. Bxf6 Qxf6 10. Nxe4 Qg6 11. N4g3 Bg4 12. Bd3 Qh6 13. c3 Bc5 14. b4 Bd6 15. f4 Rad8 16. Qc2 Bxb4 17. cxb4 Nxb4 18. Bxh7+ Qxh7 19. Qxc7 Rd2 20. Qc3 Rfd8 21. Qxb4 Bxe2 22. Nxe2 Rxe2 23. Rad1 Rxd1 24. Rxd1 Qc2 0-1

[Event "Katy Rybackie op"]
[Site "Katy Rybackie"]
[Date "2009.06.17"]
[Round "5"]
[White "Les, Czeslaw"]
[Black "Szczepaniec, Stanislaw"]
[Result "1-0"]
[WhiteElo "1883"]
[BlackElo "2136"]
[PlyCount "71"]
[EventDate "2009.06.14"]
[EventType "swiss"]
[EventRounds "9"]
[EventCountry "POL"]
[SourceTitle "CBM 131 Extra"]
[Source "ChessBase"]
[SourceDate "2009.09.03"]
[SourceVersion "2"]
[SourceVersionDate "2009.09.16"]
[SourceQuality "1"]

1. d4 Nf6 2. Bg5 g6 3. Bxf6 exf6 4. e3 Bg7 5. Bd3 d5 6. Ne2 0-0 7. h4 f5 8. h5 Re8 9. hxg6 fxg6 10. Nd2 Nd7 11. Nf3 c5 12. c3 cxd4 13. Nfxd4 a6 14. Qc2 Nc5 15. 0-0-0 b5 16. Bxf5 gxf5 17. Nxf5 Ne4 18. Nxg7 Kxg7 19. f3 Nf6 20. Nf4 Rh8 21. e4 Qe8 22. Nxd5 Nxd5 23. Rxd5 Qf7 24. Qd2 h6 25. Qd4+ Qf6 26. e5 Qg5+ 27. f4 Qe7 28. Rd6 Be6 29. g4 Rad8 30. f5 Qg5+ 31. Kb1 Bc8 32. f6+ Kf7 33. Rxd8 Rxd8 34. Qxd8 Qxg4 35. Qe7+ Kg6 36. Qg7+ 1-0

[Event "Katy Rybackie op"]
[Site "Katy Rybackie"]
[Date "2009.06.15"]
[Round "2"]
[White "Krolik, Wladyslaw"]
[Black "Les, Czeslaw"]
[Result "0-1"]
[WhiteElo "1703"]
[BlackElo "1883"]
[PlyCount "88"]
[EventDate "2009.06.14"]
[EventType "swiss"]
[EventRounds "9"]
[EventCountry "POL"]
[SourceTitle "CBM 131 Extra"]
[Source "ChessBase"]
[SourceDate "2009.09.03"]
[SourceVersion "2"]
[SourceVersionDate "2009.09.16"]
[SourceQuality "1"]

1. g3 d5 2. Bg2 e5 3. d3 Nf6 4. Nd2 Be7 5. b3 0-0 6. Bb2 Nbd7 7. e3 c6 8. Ne2 a5 9. a3 a4 10. b4 c5 11. b5 Qa5 12. c4 e4 13. dxe4 dxc4 14. Rb1 Ng4 15. Bc3 Qc7 16. Nxc4 Nge5 17. Nb2 Nb6 18. 0-0 Bg4 19. f3 Bd7 20. Bxe5 Qxe5 21. Nd3 Qc7 22. Qc1 Rac8 23. Nc3 Be6 24. Nf4 Bb3 25. Nfd5 Nxd5 26. exd5 Bf6 27. f4 Qa5 28. Ne4 Rfd8 29. Nxf6+ gxf6 30. e4 Qxb5 31. Qc3 Qa6 32. Rf2 b5 33. Rd2 Qb6 34. Kh1 b4 35. Qa1 c4 36. axb4 c3 37. Re2 Qxb4 38. Rc1 a3 39. Re3 c2 40. Qxf6 Rd6 41. Qa1 a2 42. Qb2 Rb6 43. d6 Qxd6 44. Rxb3 Qd1+ 0-1

[Event "Rowy Veterans 14th"]
[Site "Rowy"]
[Date "2008.09.04"]
[Round "7.12"]
[White "Les, Czeslaw"]
[Black "Janocha, Jan"]
[Result "1/2-1/2"]
[WhiteElo "1944"]
[BlackElo "1818"]
[PlyCount "88"]
[EventDate "2008.08.30"]
[EventType "swiss"]
[EventRounds "9"]
[EventCountry "POL"]
[SourceTitle "EXT 2023"]
[Source "ChessBase"]
[SourceDate "2022.10.05"]
[SourceVersion "1"]
[SourceVersionDate "2022.10.05"]
[SourceQuality "1"]

1. d4 e6 2. c4 b6 3. Nc3 Bb7 4. e4 Bb4 5. Bd3 Bxc3+ 6. bxc3 f5 7. d5 fxe4 8. Bxe4 Qh4 9. Qe2 Nf6 10. Bc2 0-0 11. Nf3 Qg4 12. Ba3 Re8 13. 0-0-0 exd5 14. Qd2 dxc4 15. Rde1 Na6 16. Ne5 Qh5 17. Nxc4 d5 18. Ne3 c5 19. g4 Qg5 20. f4 Qxf4 21. Rhf1 Qc7 22. Bb2 Rad8 23. Kb1 Ne4 24. Qc1 b5 25. Nf5 c4 26. Bxe4 dxe4 27. Qg5 Rd7 28. Ba3 Kh8 29. h4 Qe5 30. Qc1 Nc5 31. Bxc5 Qxc5 32. h5 b4 33. h6 g6 34. Ne3 Bc6 35. cxb4 Qxb4+ 36. Qb2+ Qxb2+ 37. Kxb2 Kg8 38. Rf6 Bb5 39. Nd1 a6 40. Nc3 e3 41. a4 Rd2+ 42. Kb1 Rd3 43. Nxb5 axb5 44. axb5 Rd4 1/2-1/2

[Event "Rowy Veterans 14th"]
[Site "Rowy"]
[Date "2008.08.31"]
[Round "2.1"]
[White "Kot, Jerzy"]
[Black "Les, Czeslaw"]
[Result "1-0"]
[WhiteElo "2286"]
[BlackElo "1944"]
[PlyCount "95"]
[EventDate "2008.08.30"]
[EventType "swiss"]
[EventRounds "9"]
[EventCountry "POL"]
[SourceTitle "EXT 2023"]
[Source "ChessBase"]
[SourceDate "2022.10.05"]
[SourceVersion "1"]
[SourceVersionDate "2022.10.05"]
[SourceQuality "1"]

1. e4 d5 2. exd5 Nf6 3. Bb5+ Bd7 4. Bc4 g6 5. Nc3 Bg7 6. d4 0-0 7. Bg5 b5 8. Bb3 a5 9. a3 Na6 10. Nf3 a4 11. Ba2 b4 12. Ne2 Bb5 13. c4 Bd7 14. 0-0 Ne4 15. Be3 Nd6 16. c5 Nf5 17. c6 Nxe3 18. fxe3 Bg4 19. Qxa4 bxa3 20. Qxa3 Qb8 21. Bc4 Nb4 22. Qc3 Qb6 23. Ra3 Rfd8 24. Rb3 Ra4 25. Qd2 Qa5 26. Nc3 Ra1 27. Rxa1 Qxa1+ 28. Kf2 Bxf3 29. gxf3 e5 30. Rxb4 Qh1 31. Ke2 exd4 32. exd4 Re8+ 33. Kd3 Qxf3+ 34. Kc2 Bf8 35. Rb7 Bd6 36. Kb3 h5 37. Qg5 Kg7 38. Qg1 Kh6 39. Qf1 Qxf1 40. Bxf1 Bxh2 41. Nb5 Rd8 42. Nxc7 f5 43. Kc4 h4 44. Ne6 Re8 45. Rf7 Bd6 46. b4 f4 47. Nxf4 g5 48. Rf6+ 1-0

[Event "Rowy op-A 17th"]
[Site "Rowy"]
[Date "2008.06.14"]
[Round "1.26"]
[White "Murawko, Katarzyna"]
[Black "Les, Czeslaw"]
[Result "1-0"]
[WhiteElo "1622"]
[BlackElo "1951"]
[PlyCount "45"]
[EventDate "2008.06.14"]
[EventType "swiss"]
[EventRounds "9"]
[EventCountry "POL"]
[SourceTitle "EXT 2023"]
[Source "ChessBase"]
[SourceDate "2022.10.05"]
[SourceVersion "1"]
[SourceVersionDate "2022.10.05"]
[SourceQuality "1"]

1. e4 d5 2. exd5 Nf6 3. d4 Qxd5 4. Nc3 Qa5 5. Bd2 c6 6. Nf3 e6 7. Bc4 Qc7 8. Qe2 Be7 9. Bb3 Nbd7 10. 0-0-0 b5 11. g3 a5 12. a4 Ba6 13. Qe1 b4 14. Bf4 Qc8 15. Ne4 c5 16. Bxe6 fxe6 17. Nd6+ Bxd6 18. Qxe6+ Be7 19. Rhe1 Qd8 20. Bc7 Nf8 21. Qc6+ Qd7 22. Qxa8+ Kf7 23. Ne5+ 1-0